000 00324nam a2200133Ia 4500
008 240624s9999 xx 000 0 und d
041 _aeng
082 _a891.46 BHA
100 _aBHANDARKAR NEHA
245 _aAABHASARAI
260 _c2014
_aPune
_bVats-Vinayak Prakashan
300 _a125 : p. : cm. ; 21
365 _cRS
_b25
999 _c23807
_d23807